000
00314nam a2200133Ia 4500
003
OSt
005
20240212103233.0
008
170524s9999 xx 000 0 und d
020
_a
9789354600630
040
_c
IIMT UNIVERSITY MEERUT
100
_a
TRIPATHI-P.C
245
0
_a
PRINCIPLES OF MANAGEMENT
942
_2
ddc
_c
02
999
_c
4380
_d
4380